[Event "Minsk op"]
[Site "Minsk"]
[Date "2023.11.07"]
[Round "5"]
[White "Shrubok, Herman"]
[Black "Satskevich, Anhelina"]
[Result "1-0"]
[WhiteElo "1241"]
[BlackElo "1800"]
[PlyCount "103"]
[EventDate "2023.11.03"]
[EventType "swiss"]
[EventRounds "9"]
[EventCountry "BLR"]
[SourceTitle "CB46_2023"]
[SourceDate "2023.11.15"]
[SourceVersion "1"]
[SourceVersionDate "2023.11.15"]
[SourceQuality "1"]

1. e4 c5 2. Nf3 Nc6 3. c3 d5 4. exd5 Qxd5 5. d4 g6 6. Na3 cxd4 7. cxd4 Bg7 8. Bc4 Qd8 9. d5 Ne5 10. Nxe5 Bxe5 11. 0-0 Bg7 12. Qe2 Nf6 13. d6 e6 14. Bf4 Nh5 15. Be5 0-0 16. Bxg7 Nxg7 17. Rfd1 Bd7 18. Bb5 a6 19. Bxd7 Qxd7 20. Nc4 Qb5 21. a4 Qb4 22. Ne5 Nf5 23. Qd2 Qxd2 24. Rxd2 Rfd8 25. Rad1 Rac8 26. g4 Ng7 27. Rd4 f6 28. d7 Rc7 29. Rc4 Rxc4 30. Nxc4 b6 31. Nxb6 Kf8 32. Rc1 Ke7 33. Rc7 Kd6 34. Ra7 e5 35. Rxa6 Ne6 36. b4 Nc7 37. Ra7 Nd5 38. Nxd5 Kxd5 39. b5 Kc5 40. Rc7+ Kb6 41. Rc6+ Kb7 42. Rd6 Kc7 43. Rd1 Kb6 44. Kg2 Kc7 45. Kf3 Kb6 46. Ke4 Ka5 47. Rd6 h6 48. Kd5 Kxa4 49. Ke6 Kxb5 50. Ke7 Kc5 51. Kxd8 Kxd6 52. Ke8 1-0

[Event "Minsk op"]
[Site "Minsk"]
[Date "2023.11.05"]
[Round "3"]
[White "Arhipov, Roman"]
[Black "Satskevich, Anhelina"]
[Result "1-0"]
[WhiteElo "1563"]
[BlackElo "1800"]
[PlyCount "120"]
[EventDate "2023.11.03"]
[EventType "swiss"]
[EventRounds "9"]
[EventCountry "BLR"]
[SourceTitle "CB46_2023"]
[SourceDate "2023.11.15"]
[SourceVersion "1"]
[SourceVersionDate "2023.11.15"]
[SourceQuality "1"]

1. e4 c5 2. d4 cxd4 3. c3 dxc3 4. Nxc3 Nc6 5. Nf3 e6 6. Bc4 a6 7. 0-0 Nge7 8. Qe2 Ng6 9. Rd1 Qc7 10. Be3 b5 11. Bb3 Be7 12. Rac1 0-0 13. Nd5 exd5 14. exd5 Bb7 15. dxc6 Bxc6 16. Nd4 Qb7 17. Nxc6 dxc6 18. Qf3 Bf6 19. Qxc6 Qxc6 20. Rxc6 Ne5 21. Rc7 Rfc8 22. Rb7 Rcb8 23. Rc7 Rc8 24. Rb7 Rcb8 25. Bd5 Rxb7 26. Bxb7 Rb8 27. Bxa6 Nc4 28. Bc1 Nxb2 29. Bxb2 Bxb2 30. Bxb5 Kf8 31. a4 Ra8 32. Kf1 Bc3 33. Ke2 Bf6 34. Rd7 Be7 35. Rb7 Bc5 36. f3 Ra7 37. Rb8+ Ke7 38. Kd3 h6 39. Kc4 Bd6 40. Re8+ Kf6 41. h3 Be7 42. Kd5 Bb4 43. Re4 Ba5 44. Kc5 g5 45. Bc6 Bd8 46. Re8 Bc7 47. Rh8 Kg7 48. Rc8 Bg3 49. Kb5 Re7 50. a5 Re5+ 51. Ka4 Be1 52. Bb5 Bf2 53. Rc2 Bd4 54. Rc7 h5 55. Bc4 Rf5 56. a6 g4 57. hxg4 hxg4 58. fxg4 Rf4 59. Kb5 Rxg4 60. Bxf7 Kf6 1-0